| 000 | 00599nam a2200169 i 4500 | ||
|---|---|---|---|
| 001 | 69490 | ||
| 003 | ES-MaACL | ||
| 005 | 20230906170530.0 | ||
| 007 | t| | ||
| 008 | 040706s1966 sp ||||1| spa d | ||
| 100 | 1 |
_aGarcía de Cortázar y Ruiz de Aguirre, José Ángel. _954415 |
|
| 245 | 1 | 0 |
_aVizcaya en el siglo XV _b: aspectos económicos y sociales / _cJosé Angel García de Cortázar y Ruiz de Aguirre. |
| 260 |
_aBilbao : _bCaja de Ahorros Vizcaína, _c1966. |
||
| 300 |
_a479 p. : _b5 map. ; _c24 cm. |
||
| 710 | 2 |
_aCaja de Ahorros Vizcaína. _92316 |
|
| 852 |
_aES-MaACL _jC-30158 _bR.60226 |
||
| 999 |
_c69490 _d69490 |
||